El señor de las moscas / (Registro nro. 9066)

Detalles MARC
000 -LIDER
fixed length control field 00830nam a2200313 4500
001 - NÚMERO DE CONTROL
Identificador de número de control 000354299
003 - IDENTIFICACDOR DE NÚMERO DE CONTROL
control field DO-SdBNP
005 - DATE AND TIME OF LATEST TRANSACTION
control field 20220713115947.0
007 - CAMPOS FIJOS DE DESCRIPCIÓN FÍSICA
fixed length control field 000354299
008 - ELEMENTOS DE LONGITUD FIJA
fixed length control field 931028s1989 sp |||spa
017 ## - NÚMERO DE REGISTRO DE DERECHOS DE AUTOR
Copyright or legal deposit number
Assigning agency
020 ## - ISBN
International Standard Book Number
035 ## - NÚMERO LOCAL
System control number
040 ## - FUENTE DE CATALOGACIÓN
Agencia que crea de manera original el registro BPMSU
Idioma de catalogación spa
Agencia que realiza la transcripción BPMSU
Convenciones de la despripción
080 #0 - NÚMERO DE CLASIFICACIÓN DECIMAL UNIVERSAL
Universal Decimal Classification number
082 ## - NÚMERO DE CLASIFICACIÓN DECIMAL DE DEWEY
Classification number 823.914
Item number G619s 1989
Edition number 22
100 1# - ASIENTO PRINCIPAL -- NOMBRE PERSONAL
Nombre personal Golding, William
Fechas asociadas con el nombre 1911-1993
240 10 - TITULO UNIFORME
Título uniforme Lord of the flies
Idioma de una obra Español
245 13 - MENCIÓN DE TITULO
Título El señor de las moscas /
Mención de responsabilidad William Golding ; traducción Camen Vergara
Medio (Designación general de material)
250 ## - MENCIÓN DE EDICION
Mención de edición
260 ## - PUBLICACIÓN, DISTRIBUCIÓN, ETC. (PIE DE IMPRENTA)
Lugar de publicación, distribución, etc [Barcelona] :
Nombre del editor, distribuidor, etc. Onda Joven
Fecha de publicación, distribución, etc 1993
300 ## - DESCRIPCIÓN FÍSICA
Extensión 274 p.
Dimensiones 23 cm.
490 0# - MENCIÓN DE SERIES
Mención de serie Círculo de lectores ;
-- Onda joven
650 #4 - ENCABEZAMIENTO DE MATERIA--TEMÁTICO
Término temático o nombre geográfico como elemento de entrada Novela inglesa
650 #4 - ENCABEZAMIENTO DE MATERIA--TEMÁTICO
Término temático o nombre geográfico como elemento de entrada Literatura inglesa
700 1# - ASIENTO SECUNDARIO -- NOMBRE PERSONAL
Nombre personal Vergara, Carmen
Mención de responsabilidad traductor
910 ## - VALIDACIÓN
Validación VMateo V.
942 ## - ADDED ENTRY ELEMENTS (KOHA)
Source of classification or shelving scheme Dewey Decimal Classification
Koha item type Libros
Existencias
Withdrawn status Lost status Source of classification or shelving scheme Damaged status Not for loan Collection code Home library Current library Date acquired Source of acquisition Full call number Barcode Date last seen Price effective from Koha item type Copy number
    Dewey Decimal Classification     Colección General Biblioteca Pública Metropolitana Salomé Ureña Biblioteca Pública Metropolitana Salomé Ureña 12/09/2015 FUNDI BPMSU CG 823.914 G619s 1989 BPMSU15120099 12/09/2015 12/09/2015 Libros  
    Dewey Decimal Classification       Biblioteca Pública Metropolitana Salomé Ureña Biblioteca Pública Metropolitana Salomé Ureña 12/09/2015 FUNDI BPMSU CG 823.914 G619s 1989 BPMSU15120100 12/09/2015 12/09/2015 Libros e.2